The Effects of earthquakes on power and industrial facilities and implications for nuclear power plant design / (Record no. 545948)

000 -LEADER
fixed length control field 00914pam a2200181 a 4500
020 ## - INTERNATIONAL STANDARD BOOK NUMBER
International Standard Book Number 0872626261
082 00 - DEWEY DECIMAL CLASSIFICATION NUMBER
Classification number 621.4832
Author Mark EFF
-- L-NUST, P-19
245 04 - TITLE STATEMENT
Title The Effects of earthquakes on power and industrial facilities and implications for nuclear power plant design /
Statement of responsibility, etc. prepared by the Working Group on Past Behavior of the Committee on Dynamic Analysis of the Committee on Nuclear Structures and Materials of the Structural Division of the American Society of Civil Engineers.
260 ## - PUBLICATION, DISTRIBUTION, ETC.
Place of publication, distribution, etc. New York, N.Y. :
Name of publisher, distributor, etc. The American Society,
Date of publication, distribution, etc. c1987.
300 ## - PHYSICAL DESCRIPTION
Extent v, 226 p. :
Other physical details ill. ;
Dimensions 22 cm.
526 ## - STUDY PROGRAM INFORMATION NOTE
Program name 0
Interest level 0
Reading level 0
Title point value 621_483200000000000_EFF
650 #0 - SUBJECT ADDED ENTRY--TOPICAL TERM
Topical term or geographic name entry element Earthquake resistant design.
9 (RLIN) 652
650 #0 - SUBJECT ADDED ENTRY--TOPICAL TERM
Topical term or geographic name entry element MCE
9 (RLIN) 379
650 #0 - SUBJECT ADDED ENTRY--TOPICAL TERM
Topical term or geographic name entry element Nuclear power plants
General subdivision Design and construction.
9 (RLIN) 41928
650 #0 - SUBJECT ADDED ENTRY--TOPICAL TERM
Topical term or geographic name entry element Nuclear power plants
General subdivision Earthquake effects.
9 (RLIN) 36350
710 2# - ADDED ENTRY--CORPORATE NAME
Corporate name or jurisdiction name as entry element American Society of Civil Engineers.
9 (RLIN) 702
942 ## - ADDED ENTRY ELEMENTS (KOHA)
Source of classification or shelving scheme
Koha item type Book
Holdings
Withdrawn status Lost status Source of classification or shelving scheme Damaged status Not for loan Permanent Location Current Location Date acquired Total Checkouts Full call number Barcode Date last seen Price effective from Koha item type
          Military College of Engineering (MCE) Military College of Engineering (MCE) 05/30/2014   621.4832 EFF MCE-43974 05/30/2014 05/30/2014 Book
© 2023 Central Library, National University of Sciences and Technology. All Rights Reserved.